Años felices de la pequeña Dorrit / (Registro nro. 8711)

Detalles MARC
000 -LIDER
fixed length control field 00665nam a22002417a 4500
001 - NÚMERO DE CONTROL
Identificador de número de control 0074
003 - IDENTIFICACDOR DE NÚMERO DE CONTROL
control field DO-SdBNP
005 - DATE AND TIME OF LATEST TRANSACTION
control field 20171213111513.0
007 - CAMPOS FIJOS DE DESCRIPCIÓN FÍSICA
fixed length control field 0074
008 - ELEMENTOS DE LONGITUD FIJA
fixed length control field 151113b sp 19--? xxu||||| |||| 00| 0 spa d
020 ## - ISBN
International Standard Book Number 9788430571406
040 ## - FUENTE DE CATALOGACIÓN
Agencia que crea de manera original el registro BPMSU
Idioma de catalogación spa
Agencia que realiza la transcripción BPMSU
092 ## - LOCALLY ASSIGNED DEWEY DECIMAL CALL NUMBER
Número de clasificación xxxxxxxx
Número de ítem (Cutter) xxxxxxx
100 10 - ASIENTO PRINCIPAL -- NOMBRE PERSONAL
Nombre personal Dickens, Charles,
Fechas asociadas con el nombre 1812-1870
245 10 - MENCIÓN DE TITULO
Título Años felices de la pequeña Dorrit /
Mención de responsabilidad Charles Dickens
260 ## - PUBLICACIÓN, DISTRIBUCIÓN, ETC. (PIE DE IMPRENTA)
Lugar de publicación, distribución, etc España :
Nombre del editor, distribuidor, etc. Susaeta,
Fecha de publicación, distribución, etc 19--?
300 ## - DESCRIPCIÓN FÍSICA
Extensión 168 p. :
Otros detalles físicos il.,
Dimensiones 19 cm.
490 10 - MENCIÓN DE SERIES
Mención de serie Saeta junior
Volume/sequential designation 22
830 00 - ASIENTO SECUNDARIO DE SERIE--TÍTULO UNIFORME
Título uniforme Saeta junior
Número de la parte o sección de una obra 22
942 ## - ADDED ENTRY ELEMENTS (KOHA)
Source of classification or shelving scheme Dewey Decimal Classification
Koha item type Libros
945 ## - INFORMACIÓN DE PROCESAMIENTO LOCAL
Información de procesamiento local Inventariado extranjero 2017/ YL
956 ## - LOCAL ELECTRONIC LOCATION AND ACCESS (OCLC)
Nombre de host Brenda Tavárez
Existencias
Withdrawn status Lost status Source of classification or shelving scheme Damaged status Not for loan Collection code Home library Current library Date acquired Source of acquisition Total Checkouts Barcode Date last seen Price effective from Koha item type
    Dewey Decimal Classification     Colección General Biblioteca Pública Metropolitana Salomé Ureña Biblioteca Pública Metropolitana Salomé Ureña 11/13/2015 Donación   BPMSU15110267 11/13/2015 11/13/2015 Libros